| 000 | 01005cam a2200433 4500 | ||
|---|---|---|---|
| 001 | J2220 | ||
| 008 | 090401t1994 xxu||||| |||| 00| 0 eng d | ||
| 035 | _a(Sirsi) u47820 | ||
| 041 | _aeng | ||
| 050 | _a333.337 | ||
| 110 |
_aChesterton _92357 |
||
| 245 | _aUpdate - City centre office markets: the national picture. | ||
| 260 |
_aLondon _bChesterton _c1994 |
||
| 300 | _a6p. ; 30cm. | ||
| 350 | _a0 | ||
| 650 | _aBIRMINGHAM | ||
| 650 | _aBRISTOL | ||
| 650 | _aCARDIFF | ||
| 650 | _aEDINBURGH | ||
| 650 | _aEXETER | ||
| 650 | _aFLOORSPACE STATISTICS | ||
| 650 | _aGLASGOW | ||
| 650 | _aLEEDS | ||
| 650 | _aLONDON | ||
| 650 | _aMANCHESTER | ||
| 650 | _aMILTON KEYNES | ||
| 650 | _aNEWCASTLE UPON TYNE | ||
| 650 | _aNOTTINGHAM | ||
| 650 | _aOFFICES | ||
| 650 | _aOXFORD | ||
| 650 | _aPLYMOUTH | ||
| 650 | _aRENT | ||
| 650 | _aSOUTHAMPTON | ||
| 650 | _aTAUNTON | ||
| 650 | _aYIELDS | ||
| 690 | _aPROPERTY-COMMERCIAL PROPERTY | ||
| 942 | _n0 | ||
| 948 | _c04/03/1997 | ||
| 999 |
_c92212 _d92212 |
||